UBT Library

Negocimi si teknikë parësore për zgjidhjen e konflikteve : (Record no. 217)

000 -LEADER
fixed length control field 00672nam a22001937a 4500
008 - FIXED-LENGTH DATA ELEMENTS--GENERAL INFORMATION
fixed length control field 131030b xxu||||| |||| 00| 0 alb d
020 ## - INTERNATIONAL STANDARD BOOK NUMBER
International Standard Book Number 9789989172410
041 0# - LANGUAGE CODE
Language code of text/sound track or separate title alb
080 ## - UNIVERSAL DECIMAL CLASSIFICATION NUMBER
Universal Decimal Classification number 316.485.6
100 1# - Rafti
Rafti Latifi, Veton
245 10 - TITLE STATEMENT
Title Negocimi si teknikë parësore për zgjidhjen e konflikteve :
Statement of responsibility, etc Veton Latifi
260 ## -
-- Shkup :
-- Instituti i Ohrit për Strategj Ekonomike dhe Marrëdhënie Ndërkombëtare ;
-- 2007
300 ## -
-- 166 f. :
-- me il. ;
-- 17 cm.
500 ## -
-- Parathënie : f. 7-12
505 ## -
-- Bibliografi : f. 137-153
650 ## -
-- Zgjedhja e problemeve
-- Ohër
650 ## -
-- Konflikti social
-- Ohër
942 ## - ADDED ENTRY ELEMENTS (KOHA)
Source of classification or shelving scheme
Item type Books
Holdings
Withdrawn status Lost status Source of classification or shelving scheme Damaged status Not for loan Collection code Permanent location Current location Shelving location Date acquired Total Checkouts Full call number Barcode Date last seen Koha item type
          Koleksioni i përgjithshem UBT - Prishtine UBT - Prishtine Koleksioni i përgjithshem 10/30/2013   316.485.6 LAT 001-000248 10/30/2013 Books
UBT Library © 2015-2024. All rights reserved University Education for Business and Technology